Intelligent Autonomous Systems 14 (Запис № 446952)

МАРК-запис
000 -LEADER
fixed length control field 04453nam a22006255i 4500
001 - CONTROL NUMBER
control field 978-3-319-48036-7
003 - CONTROL NUMBER IDENTIFIER
control field DE-He213
005 - DATE AND TIME OF LATEST TRANSACTION
control field 20210118125403.0
007 - PHYSICAL DESCRIPTION FIXED FIELD--GENERAL INFORMATION
fixed length control field cr nn 008mamaa
008 - FIXED-LENGTH DATA ELEMENTS--GENERAL INFORMATION
fixed length control field 170210s2017 gw | s |||| 0|eng d
020 ## - INTERNATIONAL STANDARD BOOK NUMBER
International Standard Book Number 9783319480367
-- 978-3-319-48036-7
024 7# - OTHER STANDARD IDENTIFIER
Standard number or code 10.1007/978-3-319-48036-7
Source of number or code doi
050 #4 - LIBRARY OF CONGRESS CALL NUMBER
Classification number Q342
072 #7 - SUBJECT CATEGORY CODE
Subject category code UYQ
Source bicssc
072 #7 - SUBJECT CATEGORY CODE
Subject category code TEC009000
Source bisacsh
072 #7 - SUBJECT CATEGORY CODE
Subject category code UYQ
Source thema
082 04 - DEWEY DECIMAL CLASSIFICATION NUMBER
Classification number 006.3
Edition number 23
245 10 - TITLE STATEMENT
Title Intelligent Autonomous Systems 14
Medium [electronic resource] :
Remainder of title Proceedings of the 14th International Conference IAS-14 /
Statement of responsibility, etc edited by Weidong Chen, Koh Hosoda, Emanuele Menegatti, Masahiro Shimizu, Hesheng Wang.
250 ## - EDITION STATEMENT
Edition statement 1st ed. 2017.
264 #1 -
-- Cham :
-- Springer International Publishing :
-- Imprint: Springer,
-- 2017.
300 ## - PHYSICAL DESCRIPTION
Extent XV, 1172 p. 646 illus., 533 illus. in color.
Other physical details online resource.
336 ## -
-- text
-- txt
-- rdacontent
337 ## -
-- computer
-- c
-- rdamedia
338 ## -
-- online resource
-- cr
-- rdacarrier
347 ## -
-- text file
-- PDF
-- rda
490 1# - SERIES STATEMENT
Series statement Advances in Intelligent Systems and Computing,
Міжнародний стандартний серійний номер для назви серії (ISSN) 2194-5357 ;
Том/ позначення послідовності 531
505 0# - FORMATTED CONTENTS NOTE
Formatted contents note Sensing for Navigation -- Path Planning and Localization -- Theory and Methods for SLAM -- Offroad Vehicles -- Multi-robot Systems -- Robot Vision -- Human-Robot Interaction -- Medical Robot Applications -- Robot Control and Actuation -- Robot Design -- Industrial Applications.
520 ## - SUMMARY, ETC.
Summary, etc This book describes the latest research advances, innovations, and visions in the field of robotics as presented by leading researchers, engineers, and practitioners from around the world at the 14th International Conference on Intelligent Autonomous Systems (IAS-14), held in Shanghai, China in July 2016. The contributions amply demonstrate that robots, machines and systems are rapidly achieving intelligence and autonomy, attaining more and more capabilities such as mobility and manipulation, sensing and perception, reasoning, and decision-making. They cover a wide range of research results and applications, and particular attention is paid to the emerging role of autonomous robots and intelligent systems in industrial production, which reflects their maturity and robustness. The contributions were selected by means of a rigorous peer-review process and highlight many exciting and visionary ideas that will further galvanize the research community and spur novel research directions. The series of biennial IAS conferences, which began in 1986, represents a premiere event in the field of robotics.
506 ## - RESTRICTIONS ON ACCESS NOTE
Terms governing access Available to subscribing member institutions only. Доступно лише організаціям членам підписки.
506 ## - RESTRICTIONS ON ACCESS NOTE
Standardized terminology for access restriction Online access from local network of NaUOA.
506 ## - RESTRICTIONS ON ACCESS NOTE
Standardized terminology for access restriction Online access with authorization at https://link.springer.com/
506 ## - RESTRICTIONS ON ACCESS NOTE
Standardized terminology for access restriction Онлайн-доступ з локальної мережі НаУОА.
506 ## - RESTRICTIONS ON ACCESS NOTE
Standardized terminology for access restriction Онлайн доступ з авторизацією на https://link.springer.com/
650 #0 - SUBJECT ADDED ENTRY--TOPICAL TERM
Topical term or geographic name as entry element Computational intelligence.
650 #0 - SUBJECT ADDED ENTRY--TOPICAL TERM
Topical term or geographic name as entry element Artificial intelligence.
650 #0 - SUBJECT ADDED ENTRY--TOPICAL TERM
Topical term or geographic name as entry element Optical data processing.
650 14 - SUBJECT ADDED ENTRY--TOPICAL TERM
Topical term or geographic name as entry element Computational Intelligence.
-- http://scigraph.springernature.com/things/product-market-codes/T11014
650 24 - SUBJECT ADDED ENTRY--TOPICAL TERM
Topical term or geographic name as entry element Artificial Intelligence.
-- http://scigraph.springernature.com/things/product-market-codes/I21000
650 24 - SUBJECT ADDED ENTRY--TOPICAL TERM
Topical term or geographic name as entry element Image Processing and Computer Vision.
-- http://scigraph.springernature.com/things/product-market-codes/I22021
700 1# - ADDED ENTRY--PERSONAL NAME
Personal name Chen, Weidong.
Relator term editor.
Relator code edt
-- http://id.loc.gov/vocabulary/relators/edt
700 1# - ADDED ENTRY--PERSONAL NAME
Personal name Hosoda, Koh.
Relator term editor.
Relator code edt
-- http://id.loc.gov/vocabulary/relators/edt
700 1# - ADDED ENTRY--PERSONAL NAME
Personal name Menegatti, Emanuele.
Relator term editor.
Relator code edt
-- http://id.loc.gov/vocabulary/relators/edt
700 1# - ADDED ENTRY--PERSONAL NAME
Personal name Shimizu, Masahiro.
Relator term editor.
Relator code edt
-- http://id.loc.gov/vocabulary/relators/edt
700 1# - ADDED ENTRY--PERSONAL NAME
Personal name Wang, Hesheng.
Relator term editor.
Relator code edt
-- http://id.loc.gov/vocabulary/relators/edt
710 2# - ADDED ENTRY--CORPORATE NAME
Corporate name or jurisdiction name as entry element SpringerLink (Online service)
773 0# - HOST ITEM ENTRY
Title Springer eBooks
776 08 - ADDITIONAL PHYSICAL FORM ENTRY
Display text Printed edition:
International Standard Book Number 9783319480350
776 08 - ADDITIONAL PHYSICAL FORM ENTRY
Display text Printed edition:
International Standard Book Number 9783319480374
830 #0 - SERIES ADDED ENTRY--UNIFORM TITLE
Uniform title Advances in Intelligent Systems and Computing,
-- 2194-5357 ;
Volume number/sequential designation 531
856 40 - ELECTRONIC LOCATION AND ACCESS
Uniform Resource Identifier <a href="https://doi.org/10.1007/978-3-319-48036-7">https://doi.org/10.1007/978-3-319-48036-7</a>
912 ## -
-- ZDB-2-ENG
942 ## - ADDED ENTRY ELEMENTS (KOHA)
Koha item type ЕКнига

Немає доступних примірників.